000 00553cam a2200145 4500500
005 20260208010746.0
041 _afre
042 _adc
100 1 0 _aLorvellec, Yves
_eauthor
245 0 0 _aMichel Serres, Jules Verne. L’enchantement du monde, Paris, éditions Le Pommier, 2010, 202 p
260 _c2012.
500 _a1
786 0 _nRevue philosophique de la France et de l'étranger | 137 | 1 | 2012-02-17 | p. 101zd-132zd | 0035-3833
856 4 1 _uhttps://shs.cairn.info/revue-philosophique-2012-1-page-101zd?lang=fr&redirect-ssocas=7080
999 _c1658052
_d1658052